000 00343nam a22001217a 4500
008 230606b xxu||||| |||| 00| 0 eng d
082 _a342.029
_bMUN
100 _cMacharia Munene
_d2002
245 _aConstitutional Documentary History Of Kenya 1895-2002
260 _aKenya
_bStratcom Solutions Limited
_c2002
300 _a592 p
942 _2ddc
_cBK
999 _c635
_d635